000
00299 a2200133 4500
999
_c
324265
_d
324265
001
89192
003
NUST
082
_a
808.83 KIR
100
_a
Kiran Azam
_9
9786
245
_a
21 Grams
260
_a
Karachi
_b
Royal Book Company
_c
2013
300
_a
x, 80p.
500
_a
General Books
942
_a
CAE NUST
_c
BK
_k
808.83 KIR
_2
ddc